| 000 | 01512nam a22002537a 4500 | ||
|---|---|---|---|
| 005 | 20220120102425.0 | ||
| 008 | 220120b ||||| |||| 00| 0 eng d | ||
| 020 | _a086210209X | ||
| 040 | _cAL | ||
| 041 | _aeng | ||
| 082 |
_223 _a323.490 _bAMNI |
||
| 100 |
_aAmnesty International _913905 |
||
| 245 | _aIndia: Torture, Rape and Deaths in Custody | ||
| 260 |
_aLondon _bAmnesty International _c1992 |
||
| 300 |
_aiv,195 p. _bPB _c21x15 cm. |
||
| 520 | _aThis report describes in detail AI’s concerns about torture, including rape, and deaths in custody in India. AI has recorded 415 deaths in detention since 1987; in each case the evidence suggests that the victims had been beaten or otherwise tortured. Torture and deaths in custody appear to be widespread in areas where the government faces armed opposition – Jammu and Kashmir, Punjab, Assam and the northeast states – where it can be used to obtain confessions and gather intelligence, as well as to deter or to avenge attacks by armed groups. Adivasis (tribal people), dalits (members of scheduled castes) and members of minority groups, e.g. Muslims, feature prominently among the victims. Women from these groups, including young girls, are reportedly frequently raped in detention. | ||
| 650 |
_aCivil and Political Right _913899 |
||
| 650 |
_aTorture Victims _913900 |
||
| 650 |
_aDeaths in Custody _913901 |
||
| 650 |
_aHuman Right _913902 |
||
| 650 |
_aRemedies _913903 |
||
| 700 |
_aAMNESTY INTERNATIONAL _913904 |
||
| 942 |
_2ddc _cGF |
||
| 999 |
_c221262 _d221262 |
||